| 000 | 00708nas a2200241 4500 | ||
|---|---|---|---|
| 001 | BR2016001106 | ||
| 003 | BR-BrBNA | ||
| 005 | 20231205130216.0 | ||
| 007 | ta | ||
| 008 | 230509b bl.|||p| |||| 00| 00por d | ||
| 040 |
_aBR-BrBNA _bpor _cBiblioteca Nacional de Agricultura |
||
| 041 | _a(Pt) | ||
| 072 | _aQ01 | ||
| 100 | 1 | _aPiaia, E. | |
| 100 | 1 | _aBasso, C. | |
| 245 | 1 | _aExtrato e casca de romã (P. granatum)na elaboração de pães | |
| 650 | _aROMA | ||
| 650 | _aPAO | ||
| 650 | _aCOMPOSTO FENOLICO | ||
| 773 | 0 |
_tRevista Higiene Alimentar (Brazil) _xISSN 0101-9171 _g(Nov-Dec 2015), v. 29(250-251) p. 95-99 _wBR2016001106 |
|
| 909 |
_a202311 _bLúcia _c55 _dLúcia Elande |
||
| 942 |
_2AGRIS _n0 _cANA |
||
| 999 |
_c248265 _d248265 |
||